| 000 | 00651nam a2200217 a 4500 | ||
|---|---|---|---|
| 005 | 20240910063932.0 | ||
| 008 | 140407s2007 cl r 000 0 spa d | ||
| 020 | _a9789580499879 | ||
| 035 | _aUPN01000196875 | ||
| 049 | _aI | ||
| 050 | 4 |
_aPT2671 R8.7 _bH6.5 |
|
| 100 | 1 |
_aKruse, Max, _d1921- _935550 |
|
| 245 | 1 | 3 |
_aEl hombre y la gansa / _cMax Kruse ; il. Sophie Schmid ; tr. Olga Martín. |
| 260 |
_aBogotá : _bNorma, _c2007. |
||
| 300 |
_a29 p. : _bil. col. |
||
| 440 | 0 | _aBuenas noches | |
| 534 |
_pTítulo original: _tVon der mann und der gans |
||
| 650 | 4 |
_aCuentos infantiles alemanes _98589 |
|
| 905 | _aInfantil | ||
| 999 |
_c168976 _d168976 |
||